Kfz-Kennzeichen Schleswig-Holstein - Statistiken

Allgemein
  • Dieses Quiz wurde 70 mal gespielt
    33 seit der letzten Aktualisierung
  • Das Durchschnittsergebnis liegt bei 12 aus 17
Antwortstatistiken
Kennzeichen Stadt % Korrekt
ECK Eckernförde
93%
FL Flensburg
86%
HL Hansestadt Lübeck
79%
HEI Heide
79%
KI Kiel
79%
IZ Itzehoe
71%
NF Nordfriesland
71%
OD Oldesloe
71%
OH Ostholstein
71%
NMS Neumünster
64%
PI Pinneberg
64%
PLÖ Plön
64%
RZ Ratzeburg
64%
RD Rendsburg
64%
SE Segeberg
64%
SL Schleswig
57%
MED Meldorf
50%
Keine übereinstimmenden Quizze gefunden
Verteilung der Resultate
Anzahl Personen mit jedem Resultat
Perzentil nach korrekt beantworteten Fragen
Ihre Resultats-Entwicklung
Sie haben dieses Quiz seit der letzten Aktualisierung nicht gespielt